00182nam a2200073Ia 4500008004100000082001300041100001700054245003700071240331s9999 xx 000 0 und d a082bDES aDe Silva,C.R 4aThe American Impact on Sri Lanka